Les Richard célèbres - Statistiques

Statistiques générales
  • Ce quiz a été pris 83 fois
  • Le résultat moyen est 5 sur 20
Statistiques - réponses
Par images Réponse % Correct
Richard Cœur de Lion
94%
Richard Gasquet
69%
Richard Anconina
56%
Richard Nixon
56%
Richard Berry
43%
Richard Anthony
32%
Saint Richard de Chichester
29%
Richard Dacoury
25%
Richard Wagner
25%
Richard Widmark
18%
Richard Burton
17%
Richard sans peur
16%
Richard III d'Angleterre
13%
Richard Krajicek
9%
Richard Harris
5%
Richard Kiel
4%
Richard Wright
1%
Richard Balducci
0%
Richard Kuhn
0%
Richard Pampuri
0%
Aucun quiz correspondant
Distribution des résultats
% des personnes avec chaque résultat
Percentile par nombre de réponses
Votre historique - résultats
Vous n’avez pas pris ce quiz